Minecraft Wood Types - Statistics

General Stats
  • This quiz has been taken 394 times
    311 since last reset
  • The average score is 9 of 11
Answer Stats
Answer % Correct
Oak
100%
Birch
95%
Dark Oak
94%
Spruce
87%
Acacia
83%
Jungle
81%
Cherry
75%
Crimson
68%
Warped
67%
Mangrove
62%
Bamboo
48%
No matching quizzes found
Score Distribution
Percent of People with Each Score
Percentile by Number Answered
Your Score History
You have not taken this quiz since the last reset